All US Cities With 1 Million People - Statistics

General Stats
  • This quiz has been taken 15 times
  • The average score is 45 of 54
Answer Stats
Hint Answer % Correct
GA Atlanta
100%
IL Chicago
100%
TX Dallas/Fort Worth
100%
CO Denver
100%
TX Houston
100%
FL Jacksonville
100%
NV Las Vegas
100%
TX San Antonio
100%
CA San Francisco
100%
MD/WA Washington D.C.
100%
TX Austin
93%
MD Baltimore
93%
MA Boston
93%
OH Cleveland
93%
MI Detroit
93%
IN Indianapolis
93%
KS/MO Kansas City
93%
CA Los Angeles
93%
TN Memphis
93%
FL Miami
93%
WI Milwaukee
93%
TN Nashville
93%
FL Orlando
93%
PA Philadelphia
93%
PA Pittsburgh
93%
OR Portland
93%
CA San Diego
93%
CA San Jose
93%
WA Seattle
93%
FL Tampa
93%
NM Albuquerque
86%
NY Buffalo
86%
OH Cincinnati
86%
OH Columbus
86%
KY Louisville
86%
LA New Orleans
86%
NY New York City
86%
CA Sacramento
86%
UT Salt Lake City
86%
VA Virginia Beach
86%
AL Birmingham
79%
MO St. Louis
79%
CT Bridgeport
71%
AZ Mesa
71%
VA Richmond
71%
MN Minneanapolis/St. Paul
64%
CA Oakland
64%
CA Irvine
57%
CA Long Beach
57%
VA Norfolk
50%
FL Fort Lauderdale
43%
CA San Bernadino
36%
FL West Palm Beach
29%
AZ Phoneix
21%
No matching quizzes found
Score Distribution
Percent of People with Each Score
Percentile by Number Answered
Your Score History
You have not taken this quiz